Statistics for Which Country - Multiple Choice #1

Click here to take the quiz!

General Stats

  • This quiz has been taken 558 times
  • The average score is 8 of 15

Answer Stats

QuestionAnswer% Correct
Where would you find Louvre Museum?France
95%
Where is Nestlé from?Switzerland
79%
Which country did Iran fight with from 1980 till 1988?Iraq
78%
What is the only country that borders Denmark?Germany
74%
To which country do the Galapagos Islands belong?Ecuador
71%
Which country has the most UNESCO World Heritage Sites?Italy
65%
Which island country back then was known as Formosa?Taiwan
60%
The highest point in the world that is entirely inside one country is Dhaulagiri. In which country?Nepal
50%
Which one of these countries does not give its name to a gulf?Uruguay
50%
Which one has been rated as Africa's most democratic country by The Economist in 2017?Mauritius
33%
Which one of these countries was not any of the Secretary-Generals of the United Nations from?United States
33%
The capital of which other country was also divided between the 4 superpowers other than Germany after the WWII?Austria
32%
What is the least populated country of Middle East?Cyprus
27%
Through which one of these countries does the Carpathian Mountain Range not run?Bulgaria
21%
What is the only country in the world to not have Google Maps?South Korea
12%

Score Distribution

Percentile by Number Answered

Percent of People with Each Score

Your Score History

You have not taken this quiz